000 00454nam a2200145 i 4500
001 bg
100 1 _aPETRAŻYCKI, Bolesław.
245 1 0 _aUtylizacja odpadów przemysłu kruszyw budowlanych.
_nCz. 1,
_pOdpady kruszyw naturalnych i łamanych /
_cBolesław Petrażycki, Maciej Pogorzelski.
260 _aWarszawa,
_c1979.
700 1 _aPOGORZELSKI, Maciej.
040 _cBPK
041 _apol
942 _cKS
008 s pl f |000 0 pol
999 _c20628
_d20628
856 _uhttp://koha.tu.koszalin.pl/cgi-bin/koha/opac-detail.pl?biblionumber=20628
_yKatalog online BPK